Catalog

Record Details

Catalog Search



Confess your sins : the way of reconciliation Cover Image Book Book

Confess your sins : the way of reconciliation John R. W. Stott

Stott, John R. W. (Author).

Record details

  • Physical Description: 94 p.
  • Publisher: Waco, Texas Word Books Publisher 1974

Available copies

  • 1 of 1 copy available at Common Catalog SPOK.

Holds

  • 0 current holds with 1 total copy.
Show Only Available Copies
Location Call Number / Copy Notes Barcode Shelving Location Status Due Date
ETS Library 265.62 424470003176 Volný výběr Available -

LDR 00639nam a2 00229
00137950
003CZ-PrJAB
00520030527000000.0
008030521s1974 xxu e |||| |eng
009us
035 . ‡a(CONS)1524
035 . ‡aKPS11500
040 . ‡aABG450
041 . ‡aeng
08214. ‡a265.62
100 . ‡799 ‡aStott, John R. W.
245 . ‡aConfess your sins : ‡bthe way of reconciliation ‡cJohn R. W. Stott
260 . ‡aWaco, Texas ‡bWord Books Publisher ‡c1974
300 . ‡a94 p.
653 . ‡athe way of reconciliation ‡aConfess your sins
8524 . ‡bETS ‡bETS ‡cVolný výběr ‡j265.62 ‡gA ‡p424470003176
910 . ‡aABG450
999 . ‡a1524 ‡bAUTOGEN ‡c1524 ‡tbiblio
905 . ‡uadmin
901 . ‡a37950 ‡b ‡c37950 ‡tbiblio ‡sets

Additional Resources